00554nam a2200193Ia 4500003000900000008004100009020001800050040001600068080001700084100002000101245003300121260004200154300001500196490004900211650001500260650002100275650002100296650004300317IN-BaIIA211028s9999 xx 000 0 eng d a90-277-0662-X cIIA Library a523.985bSVE aSvestka, Zdenek 0aSolar flarescZdenek Svestka aDordrechtbD. Reidel Publishingc1976 axiv, 399p. aGeophysics and astrophysics monographs; v. 8 a Flares  a Solar activity a Solar flares  aAstronomy and astrophysics thesaurus